Akta Warisan Kebangsaan 2005 (Akta 645) = National Heritage Act 2005 (Act 645)

Corporate Authors: Malaysia. Jabatan Warisan Negara, Malaysia. kementerian Kebudayaan, Kesenian dan Warisan
Language:English
Published: Petaling Jaya, Selangor: International Law Book Services, 2005.
Series:Undang-undang Malaysia
Subjects:
LEADER 00856cam a2200205 7i4500
001 0000130066
005 20171114090000.0
008 171101s2005 my eng
020 # 0 |a 9678916908  
090 0 0 |a K 3791   |b .J3 2005 
110 1 1 |a Malaysia. Jabatan Warisan Negara 
245 1 0 |a Akta Warisan Kebangsaan 2005 (Akta 645) = National Heritage Act 2005 (Act 645)   |c Jabatan Warisan Negara. 
260 # # |a Petaling Jaya, Selangor:   |b International Law Book Services,   |c 2005. 
300 # # |a 163 pages;   |c 25 cm.. 
490 0 0 |a Undang-undang Malaysia 
590 # # |a Perpustakaan Sultanah Nur Zahirah 
650 0 0 |a Cultural property --   |x Protection --   |x Law and legislation --   |z Malayssia  
710 2 1 |a Malaysia. kementerian Kebudayaan, Kesenian dan Warisan  
999 |a 1100099885  |b Book  |c Rujukan  |e KOLEKSI RUJUKAN 
999 |a 1100099886  |b Book  |c Rujukan  |e KOLEKSI RUJUKAN